| Tag |
First Indicator |
Second Indicator |
Subfields |
| LEADER |
00000cam a2200000Mi 4500 |
| 001 |
in00003574313 |
| 006 |
m o d |
| 007 |
cr mnu---uuaaa |
| 008 |
121227s1994 au a o 000 0 eng |
| 005 |
20260420201220.0 |
| 019 |
|
|
|a 840303121
|
| 020 |
|
|
|a 9783709193266 (electronic bk.)
|
| 020 |
|
|
|a 3709193265 (electronic bk.)
|
| 020 |
|
|
|z 9783211825228
|
| 020 |
|
|
|z 3211825223
|
| 035 |
|
|
|a (OCoLC)851368904
|z (OCoLC)840303121
|
| 040 |
|
|
|a AU@
|b eng
|c AU@
|d OCLCQ
|d OCLCO
|d I9W
|d GW5XE
|d OCLCF
|d UtOrBLW
|
| 049 |
|
|
|a TXAM
|
| 050 |
|
4 |
|a QR355-502
|
| 072 |
|
7 |
|a MMFM
|2 bicssc
|
| 072 |
|
7 |
|a MED052000
|2 bisacsh
|
| 082 |
0 |
4 |
|a 616.9101
|2 23
|
| 100 |
1 |
|
|a Brinton, Margo A.
|
| 245 |
1 |
0 |
|a Positive-Strand RNA Viruses /
|c edited by Margo A. Brinton, Charles H. Calisher, Roland Rueckert.
|
| 264 |
|
1 |
|a Vienna :
|b Springer Vienna,
|c 1994.
|
| 300 |
|
|
|a 1 online resource (x, 558 pages 182 illustrations)
|
| 336 |
|
|
|a text
|b txt
|2 rdacontent
|
| 337 |
|
|
|a computer
|b c
|2 rdamedia
|
| 338 |
|
|
|a online resource
|b cr
|2 rdacarrier
|
| 490 |
1 |
|
|a Archives of Virology Supplementum,
|x 0939-1983 ;
|v 9
|
| 520 |
|
|
|a Positive-strand RNA viruses include the majority of the plant viruses, a number of insect viruses, and animal viruses, such as coronaviruses, togaviruses, flaviviruses, poliovirus, hepatitis C, and rhinoviruses. Works from more than 50 leading laboratories represent latest research on strategies for the control of virus diseases: molecular aspects of pathogenesis and virulence; genome replication and transcription; RNA recombination; RNA-protein interactions and host-virus interactions; protein expression and virion maturation; RNA replication; virus receptors; and virus structure and assembly. Highlights include analysis of the picornavirus IRES element, evidence for long term persistence of viral RNA in host cells, acquisition of new genes from the host and other viruses via copy-choice recombination, identification of molecular targets and use of structural and molecular biological studies for development of novel antiviral agents.
|
| 500 |
|
|
|a Electronic resource.
|
| 650 |
|
0 |
|a Medicine.
|
| 650 |
|
0 |
|a Medical virology.
|
| 650 |
|
0 |
|a Internal medicine.
|
| 650 |
|
7 |
|a Internal medicine.
|2 fast
|0 (OCoLC)fst00976610
|
| 650 |
|
7 |
|a Medical virology.
|2 fast
|0 (OCoLC)fst01014785
|
| 650 |
|
7 |
|a Medicine.
|2 fast
|0 (OCoLC)fst01014893
|
| 655 |
|
7 |
|a Electronic books.
|2 local
|
| 700 |
1 |
|
|a Calisher, Charles H.
|
| 700 |
1 |
|
|a Rueckert, Roland.
|
| 710 |
2 |
|
|a SpringerLink (Online service)
|
| 776 |
1 |
8 |
|i Print version:
|z 9783211825228
|
| 830 |
|
0 |
|a Archives of virology.
|p Supplementum ;
|v 9.
|
| 856 |
4 |
0 |
|u http://proxy.library.tamu.edu/login?url=https://link.springer.com/10.1007/978-3-7091-9326-6
|z Connect to the full text of this electronic book
|t 0
|
| 994 |
|
|
|a 92
|b TXA
|
| 999 |
|
|
|a MARS
|
| 999 |
f |
f |
|s 52a2b803-d183-3d9e-8132-3ce33f3f0153
|i 4bd53736-f8ba-3b74-93b9-d344241588ff
|t 0
|
| 952 |
f |
f |
|a Texas A&M University
|b College Station
|c Electronic Resources
|s www_evans
|d Available Online
|t 0
|e QR355-502
|h Library of Congress classification
|
| 998 |
f |
f |
|a QR355-502
|t 0
|l Available Online
|